| 000 | 01019cam a22002893a 4500 | ||
|---|---|---|---|
| 001 | 5854 | ||
| 003 | PGUSA | ||
| 005 | 20140828083125.0 | ||
| 008 | 040601s2004||||xxu|||||s|||||000 | eng d | ||
| 040 |
_aPGUSA _beng |
||
| 042 | _adc | ||
| 050 | 4 | _aE456 | |
| 100 | 1 |
_aSheridan, Philip Henry, _d1831-1888 |
|
| 245 | 1 | 0 |
_aPersonal Memoirs of P. H. Sheridan, Volume I., Part 1 _h[electronic resource] / _cPhilip Henry Sheridan |
| 260 |
_bProject Gutenberg, _c2004 |
||
| 506 | _aPublic domain in the USA. | ||
| 516 | _aElectronic text | ||
| 653 | _aIndians of North America -- Wars -- 1866-1895 | ||
| 653 | _aUnited States -- History -- Civil War, 1861-1865 -- Campaigns | ||
| 653 | _aUnited States -- History -- Civil War, 1861-1865 -- Personal narratives | ||
| 653 | _aUnited States. Army -- Biography | ||
| 653 | _aSheridan, Philip Henry, 1831-1888 | ||
| 653 | _aGenerals -- United States -- Biography | ||
| 830 | 0 |
_aProject Gutenberg _v5854 |
|
| 856 | 4 | 0 | _uhttp://www.gutenberg.org/ebooks/5854 |
| 942 | _cEB | ||
| 999 |
_c235182 _d235182 |
||